Slováci v kardinálskom purpure

Bibliographic Details
Main Author: Bosák, Ľubomír (Author)
Format: Article
Language:Slovak
PhysicalDescription:Obr. 4.
Subjects:

MARC

LEADER 00000nab a2200000 a 4500
001 vtls000421118
003 SK-MaSNL
005 20260303002141.0
008 120925c1991 xo 0 slo
015 |a SNBRB19rr/mm-uuuuu 
035 |a CL0421246 
040 |a SNKBUCL  |b slo  |c SNKBUCL  |e AACR2 
041 0 |a slo 
044 |a xo  |c SK 
080 |a 262.136.6  |2 1981 
100 1 |a Bosák, Ľubomír  |4 aut  |9 10179 
245 1 0 |a Slováci v kardinálskom purpure  |c Ľubomír Bosák 
300 |b Obr. 4. 
650 0 7 |a kardináli slovenskí  |2 snkbucl  |9 978496 
655 7 |a články z novín a časopisov  |2 snkbucl  |9 267496 
773 0 |t Katolícke noviny  |g Roč. 106, č. 26 (1991), s. 7 
850 |a Slovenská národná knižnica v Martine  |a MTA001 
852 |a SNK  |b KIS3GCP 
958 |a RK 
992 |a RBX 
999 |c 1566495  |d 1568425